Catálogo Biblioteca Central

La pena de muerte y el derecho consuetudinario internacional (Registro nro. 232412)

Detalles MARC
000 -CABECERA
campo de control de longitud fija 00780naa a22002057i 4500
001 - NÚMERO DE CONTROL
campo de control 232412
003 - IDENTIFICADOR DEL NÚMERO DE CONTROL
campo de control ES-MaBCM
005 - FECHA Y HORA DE LA ÚLTIMA TRANSACCIÓN
campo de control 20260219163529.0
008 - CÓDIGOS DE INFORMACIÓN DE LONGITUD FIJA
campo de control de longitud fija 260219s2023 sp ||||| |||| 00| 0 spa d
040 ## - FUENTE DE LA CATALOGACIÓN
Centro transcriptor ES-MaBCM
100 1# - PUNTO DE ACCESO PRINCIPAL - NOMBRE DE PERSONA
Nombre de persona Manero Salvador, Ana
9 (RLIN) 72250
245 13 - MENCIÓN DE TÍTULO
Título La pena de muerte y el derecho consuetudinario internacional
Mención de responsabilidad etc. Ana Manero Salvador, Marta Sosa Navarro
504 ## - NOTA DE BIBLIOGRAFÍA, ETC.
Nota de bibliografía etc. Incluye referencias bibliográficas
650 #7 - PUNTO DE ACCESO ADICIONAL DE MATERIA--TÉRMINO DE MATERIA
Término de materia o nombre geográfico como elemento inicial Pena de muerte
9 (RLIN) 59744
650 #7 - PUNTO DE ACCESO ADICIONAL DE MATERIA--TÉRMINO DE MATERIA
Término de materia o nombre geográfico como elemento inicial Derecho consuetudinario
9 (RLIN) 58303
650 #7 - PUNTO DE ACCESO ADICIONAL DE MATERIA--TÉRMINO DE MATERIA
Término de materia o nombre geográfico como elemento inicial Derecho penal internacional
9 (RLIN) 58347
700 1# - PUNTO DE ACCESO ADICIONAL--NOMBRE DE PERSONA
Nombre de persona Sosa Navarro, Marta
9 (RLIN) 122268
773 0# - ENLACE AL DOCUMENTO FUENTE
Lugar editor y fecha de publicación Valencia : Tirant lo Blanch , 2023
Parte(s) relacionada(s) p. [111]-121 - Loc. 62618
Título La crueldad en las constituciones y en los convenios internacionales
Número de control del registro relacionado 225307
942 ## - ELEMENTOS DE PUNTO DE ACCESO ADICIONAL (KOHA)
Fuente del sistema de clasificación o colocación Universal Decimal Classification
Tipo de ítem Koha Capítulos de monografías
Existencias
Estado de retiro Estado de pérdida Fuente del sistema de clasificación o colocación Estado dañado No para préstamo Localización permanente Ubicación/localización actual Ubicación en estantería Fecha de adquisición Total de préstamos Fecha visto por última vez Precio válido a partir de Tipo de ítem Koha
    Universal Decimal Classification     Biblioteca Central del Ministerio de la Presidencia Biblioteca Central del Ministerio de la Presidencia Sala 19/02/2026   19/02/2026 19/02/2026 Capítulos de monografías